More TRS-80 BASIC / (Record no. 179990)
[ view plain ]
| 000 -LEADER | |
|---|---|
| fixed length control field | 01170 a2200241 4500 |
| 003 - CONTROL NUMBER IDENTIFIER | |
| control field | Nust |
| 005 - DATE AND TIME OF LATEST TRANSACTION | |
| control field | 20221017103133.0 |
| 010 ## - LIBRARY OF CONGRESS CONTROL NUMBER | |
| LC control number | 80010268 |
| 020 ## - INTERNATIONAL STANDARD BOOK NUMBER | |
| International Standard Book Number | 0471080101 |
| 040 ## - CATALOGING SOURCE | |
| Transcribing agency | Nust |
| 082 00 - DEWEY DECIMAL CLASSIFICATION NUMBER | |
| Classification number | 005.7565,INM |
| 100 1# - MAIN ENTRY--PERSONAL NAME | |
| Personal name | Albrecht, Bob, |
| 9 (RLIN) | 100393 |
| 245 10 - TITLE STATEMENT | |
| Title | More TRS-80 BASIC / |
| Statement of responsibility, etc. | Bob Albrecht, Don Inman, and Ramon Zamora. |
| 260 ## - PUBLICATION, DISTRIBUTION, ETC. | |
| Place of publication, distribution, etc. | New York : |
| Name of publisher, distributor, etc. | Wiley, |
| Date of publication, distribution, etc. | c1981. |
| 300 ## - PHYSICAL DESCRIPTION | |
| Extent | ix, 280 p. : |
| Other physical details | ill. ; |
| Dimensions | 24 cm. |
| 490 0# - SERIES STATEMENT | |
| Series statement | Wiley self-teaching guides |
| 505 ## - FORMATTED CONTENTS NOTE | |
| Formatted contents note | Introduction (Page-1), A Guided Tour Of Memory (Page-7), Graphics And Supergraphics (Page-35), Introduction To Cassette Data Files (Page-65), More About Cassette Files (Page-89), Disk Operation (Page-105), Using Disk Files (Page-129), Tuning Up Your Computer (Page-157), Special Features And Fancy Functions (Page-181), Graphics And Animation (Page-205), Arithmetic Functions (Page-229), A TRS-80 Art Lesson (Page-251). |
| 650 #0 - SUBJECT ADDED ENTRY--TOPICAL TERM | |
| Topical term or geographic name entry element | BASIC (Computer program language) |
| General subdivision | Programmed instruction. |
| 9 (RLIN) | 100383 |
| 650 #0 - SUBJECT ADDED ENTRY--TOPICAL TERM | |
| Topical term or geographic name entry element | TRS-80 computers |
| General subdivision | Programming |
| -- | Programmed instruction. |
| 9 (RLIN) | 100394 |
| 700 1# - ADDED ENTRY--PERSONAL NAME | |
| Personal name | Inman, Don, |
| 9 (RLIN) | 100395 |
| 700 1# - ADDED ENTRY--PERSONAL NAME | |
| Personal name | Zamora, Ramon, |
| 9 (RLIN) | 100396 |
| 942 ## - ADDED ENTRY ELEMENTS (KOHA) | |
| Source of classification or shelving scheme | |
| Koha item type | Book |
| Call number prefix | 005.7565,INM |
| Withdrawn status | Lost status | Source of classification or shelving scheme | Damaged status | Not for loan | Permanent Location | Current Location | Shelving location | Date acquired | Full call number | Barcode | Date last seen | Price effective from | Koha item type | Public note |
|---|---|---|---|---|---|---|---|---|---|---|---|---|---|---|
| Military College of Signals (MCS) | Military College of Signals (MCS) | General Stacks | 12/12/2016 | 005.7565,INM | MCS2247 | 12/08/2016 | 12/12/2016 | Book Bank | Almirah No.135, Shelf No.6 |
